00298nam a2200109 4500082002000000100002300020245004000043260004000083300000900123650002600132650003000158 aTNC C41x54 K897 aKrishnamurthy, K.  aHuman rights and the Indian police  aBangalore bR.R. Publication c1996 a380p aCivil rights - India  aPolice brutality - India